| Tag |
First Indicator |
Second Indicator |
Subfields |
| LEADER |
00000cam a2200000 a 4500 |
| 001 |
in00001077310 |
| 005 |
20150929161653.0 |
| 008 |
920720s1991 xx a b 000 0 eng d |
| 035 |
|
|
|a (OCoLC)26221555
|
| 035 |
|
|
|9 AFQ8784AM
|
| 040 |
|
|
|a TXA
|c TXA
|d UtOrBLW
|
| 049 |
|
|
|a TXAZ
|
| 099 |
|
|
|a 1991
|a Thesis
|a V217
|
| 100 |
1 |
|
|a Vanaparthy, Nalini Mohan Rao.
|
| 245 |
1 |
0 |
|a Predictions of specimen size dependence of fracture toughness for cleavage and ductile tearing /
|c by Nalini Mohan Rao Vanaparthy.
|
| 264 |
|
1 |
|a [Place of publication not identified] :
|b [publisher not identified] ;
|c 1991.
|
| 300 |
|
|
|a x, 71 leaves :
|b illustrations ;
|c 29 cm.
|
| 336 |
|
|
|a text
|b txt
|2 rdacontent
|
| 337 |
|
|
|a unmediated
|b n
|2 rdamedia
|
| 338 |
|
|
|a volume
|b nc
|2 rdacarrier
|
| 500 |
|
|
|a Typescript (photocopy).
|
| 502 |
|
|
|b M.S.
|c Texas A&M University
|d 1991.
|
| 500 |
|
|
|a Vita.
|
| 504 |
|
|
|a Includes bibliographical references.
|
| 500 |
|
|
|a "Major subject: Mechanical Engineering."
|
| 650 |
|
0 |
|a Fracture mechanics.
|
| 650 |
|
0 |
|a Materials
|x Testing.
|
| 650 |
|
4 |
|a Major mechanical engineering.
|
| 999 |
|
|
|a MARS
|
| 999 |
f |
f |
|s 3e1d4aa6-90dd-310f-bb31-555583d105fc
|i 0312cc54-23f7-35b6-ba44-55e0ddf3e44a
|t 0
|
| 952 |
f |
f |
|p noncirc
|a Texas A&M University
|b J.J. Pickle Campus
|c High Density Repository
|s HDR
|d Remote Storage
|t 0
|e 1991 Thesis V217
|h Other scheme
|i unmediated -- volume
|m A14841027319
|
| 998 |
f |
f |
|a 1991 Thesis V217
|t 0
|l Remote Storage
|